| 000 | 00630 a2200181 4500 | ||
|---|---|---|---|
| 020 | _a9781584882619 | ||
| 020 | _a9781584882619 | ||
| 082 | 0 | 4 | _a512.55 |
| 090 |
_c164 _d164 |
||
| 100 | 1 | _aLee, Dong Hoon. | |
| 245 | 1 | 4 |
_aThe structure of complex lie groups / _cDong Hoon Lee. |
| 260 |
_a[S.l.] : _bChapman and Hall/CRC, _c2001. |
||
| 300 |
_a232 p. ; _c24 cm. |
||
| 490 | 1 | _aResearch notes in mathematics series. | |
| 830 | 0 | _aResearch notes in mathematics series. | |
| 942 |
_aSNS _cBK _k512.55 LEE |
||
| 999 |
_c28802 _d28802 |
||